Countries With "In" in Their Name - Statistics

General Stats
  • This quiz has been taken 552 times
    467 since last reset
  • The average score is 22 of 29
Answer Stats
First Letter Continent Country % Correct
I Asia INdia
93%
A South America ArgentINa
92%
I Asia INdonesia
91%
F Europe FINland
87%
D North America DomINican Republic
86%
D North America DomINica
85%
U Europe United KINgdom
85%
G Africa GuINea
83%
C Asia ChINa
81%
B Africa BenIN
80%
S South America SurIName
80%
L Europe LiechtensteIN
79%
G Africa GuINea Bissau
78%
U Europe UkraINe
77%
P Oceania Papua New GuINea
76%
T North America TrINidad and Tobago
76%
S North America SaINt VINcent and the GrenadINes
75%
S Europe SpaIN
74%
E Africa Equatorial GuINea
72%
E Africa EswatINi
71%
S North America SaINt Kitts and Nevis
71%
S North America SaINt Lucia
69%
B Europe Bosnia and HerzegovINa
66%
P Asia PhilippINes
66%
B Asia BahraIN
64%
B Africa BurkINa Faso
64%
S Asia SINgapore
63%
S Europe San MarINo
60%
S Africa São Tomé and PrINcipe
40%
No matching quizzes found
Score Distribution
Percent of People with Each Score
Percentile by Number Answered
Your Score History
You have not taken this quiz since the last reset